000 00887nam a2200301 a 4500
001 21917
001 21918
003 CO-ViMGA
008 141112s2004 ck r 000 u spa d
020 _a8433920308
040 _aCO-ViMGA
_bspa
_cCO-ViMGA
082 0 4 _a813.5 C166a
082 0 4 _aFERa
100 1 _aCapote, Truman
_949253
100 1 _aFerguson, Don
_931347
245 1 0 _aA sangre fría
245 1 0 _aAlegrate, Igor!
260 _aBarcelona :
_bAnagrama,
_c2006
260 _aBogotá :
_bNorma;1977
300 _a20p.
300 _a315
590 _aForma de adquisición : Compra fact.0854 - - Precio : 36900 - - Proveedor : Temas y libros - - Fecha de adquisición : Julio 2007
650 1 4 _aASESINATO - CAUSAS - NOVELA
_931348
650 1 4 _aCUENTOS INFANTILES
_92743
650 1 4 _aNOVELA ESTADOUNIDENSE - SIGLO XX
_92506
942 _2ddc
_cBK
942 _2ddc
_cBK
999 _c30458
_d30458